Marine-terrestrial transfer by Strandline-foraging ants (Registro nro. 13686)

Detalles MARC
000 -CABECERA
Campo de control 002890000a22001090004500
090 ## - CLASIFICACIÓN LOCAL
Colección AR
Consecutivo 04586
041 0# - IDIOMA
Código de idioma para texto/pista de sonido o título separado
100 1# - ASIENTO PRINCIPAL--NOMBRE PERSONAL
Nombre personal Buckley, R.
245 10 - MENCION DE TITULO
Título Marine-terrestrial transfer by Strandline-foraging ants
773 1# - Item fuente:
Título Biotropica
Descripción física 4
Paginas del Articulo 314-315 p.
Lugar, editorial y fecha de publicación 1980
Información sobre la relación 12
942 ## - ELEMENTOS ADICIONALES (KOHA)
Tipo de ítem Artículo
Existencias
Withdrawn status Lost status Damaged status No para préstamo Colección Ubicación Permanente Ubicación actual Fecha de adquisición Fuente de Valor Datos de publicación Seriada Total Checkouts Número topográfico Inventario / Código de Barras Date last seen Ejemplar Price effective from Forma de adquisición Tipo de material
      No para Préstamo Hemeroteca Bogotá Bogotá 10/03/2010 Escobar Sarria, Federico Fuera de circulación   AR 04586 027936 25/03/2015 1 25/03/2015   Artículo